Catalogue de la Bibliothèque de l'ENSA

Crop physiology (notice nᵒ 24563)

détails MARC
000 -LEADER
fixed length control field 00394nam a2200145Ia 4500
008 - FIXED-LENGTH DATA ELEMENTS--GENERAL INFORMATION
fixed length control field 160105s9999 xx 000 0 und d
041 ## - LANGUAGE CODE
Language code of text/sound track or separate title eng
100 ## - MAIN ENTRY--PERSONAL NAME
Personal name SADRAS, Victor O. / CALDERINI, Daniel F.
245 ## - TITLE STATEMENT
Title Crop physiology
260 ## - PUBLICATION, DISTRIBUTION, ETC.
Date of publication, distribution, etc 2010
654 ## - SUBJECT ADDED ENTRY--FACETED TOPICAL TERM
General subdivision AGRONOMIE/PHYSIOLOGIE VEGETALE/GENETIQUE
942 ## - ADDED ENTRY ELEMENTS (KOHA)
Koha item type Audiovisuel (eBooks)
994 ## -
-- 125328
Exemplaires
Withdrawn status Lost status Damaged status Use restrictions Not for loan Home library Current library Cost, normal purchase price Shelving control number Total Checkouts Total Renewals Total Holds Full call number Barcode Cost, replacement price Koha item type
          Bibliothèque Centrale Bibliothèque Centrale 0.00         BC_CD 40 BC_CD 40 0.00 Audiovisuel (eBooks)

Adresse: Ecole Nationale Supérieure Agronomique Hassen Badi - El Harrach Alger, Algérie

Tél +213 (0) 23 82 85 07+213 (0) 23 82 85 12 Fax +213 23 82 85 03/04 Courriel: bibliotheque@edu.ensa.dz